Disney Frozen II : (Record no. 323123)
[ view plain ]
| 000 -LEADER | |
|---|---|
| fixed length control field | 02545cam a2200565Mi 4500 |
| 001 - CONTROL NUMBER | |
| control field | on1125350464 |
| 003 - CONTROL NUMBER IDENTIFIER | |
| control field | OCoLC |
| 005 - DATE AND TIME OF LATEST TRANSACTION | |
| control field | 20200320222706.0 |
| 008 - FIXED-LENGTH DATA ELEMENTS--GENERAL INFORMATION | |
| fixed length control field | 190927t20192019nyua j 000 1 eng d |
| 020 ## - INTERNATIONAL STANDARD BOOK NUMBER | |
| International Standard Book Number | 0593126920 |
| Qualifying information | (paperback) |
| 020 ## - INTERNATIONAL STANDARD BOOK NUMBER | |
| International Standard Book Number | 9780593126929 |
| Qualifying information | (paperback) |
| 020 ## - INTERNATIONAL STANDARD BOOK NUMBER | |
| International Standard Book Number | 9780593126936 |
| Qualifying information | (lib. bdg.) |
| 020 ## - INTERNATIONAL STANDARD BOOK NUMBER | |
| International Standard Book Number | 0593126939 |
| Qualifying information | (lib. bdg.) |
| 035 ## - SYSTEM CONTROL NUMBER | |
| System control number | (OCoLC)1125350464 |
| 040 ## - CATALOGING SOURCE | |
| Original cataloging agency | B@L |
| Language of cataloging | eng |
| Description conventions | rda |
| Transcribing agency | B@L |
| Modifying agency | OCLCO |
| -- | WACOL |
| 049 ## - LOCAL HOLDINGS (OCLC) | |
| Holding library | WACL |
| 092 ## - LOCALLY ASSIGNED DEWEY CALL NUMBER (OCLC) | |
| Classification number | junior fiction |
| Item number | Fra |
| 100 1# - MAIN ENTRY--PERSONAL NAME | |
| Personal name | Francis, Suzanne |
| 9 (RLIN) | 5809153 |
| 245 10 - TITLE STATEMENT | |
| Title | Disney Frozen II : |
| Remainder of title | the enchanted forest / |
| Statement of responsibility, etc | adapted by Suzanne Francis ; illustrated by the Disney Storybook Art Team. |
| 246 3# - VARYING FORM OF TITLE | |
| Title proper/short title | Disney Frozen 2 : |
| Remainder of title | the enchanted forest |
| 246 3# - VARYING FORM OF TITLE | |
| Title proper/short title | Disney Frozen two : |
| Remainder of title | the enchanted forest |
| 246 3# - VARYING FORM OF TITLE | |
| Title proper/short title | Frozen II : |
| Remainder of title | the enchanted forest |
| 246 3# - VARYING FORM OF TITLE | |
| Title proper/short title | Frozen 2 : |
| Remainder of title | the enchanted forest |
| 246 3# - VARYING FORM OF TITLE | |
| Title proper/short title | Frozen two : |
| Remainder of title | the enchanted forest |
| 246 3# - VARYING FORM OF TITLE | |
| Title proper/short title | Enchanted forest |
| 246 1# - VARYING FORM OF TITLE | |
| Display text | At head of title: |
| Title proper/short title | Disney Frozen II |
| 264 #1 - Production, Publication, Distribution, Manufacture, and Copyright Notice. | |
| Place of production, publication, distribution, manufacture | New York : |
| Name of producer, publisher, distributor, manufacturer | Random House Children's Books, |
| Date of production, publication, distribution, manufacture, or copyr | [2019] |
| 264 #4 - Production, Publication, Distribution, Manufacture, and Copyright Notice. | |
| Date of production, publication, distribution, manufacture, or copyr | ©2019 |
| 300 ## - PHYSICAL DESCRIPTION | |
| Extent | 141 pages : |
| Other physical details | illustrations ; |
| Dimensions | 20 cm. |
| 336 ## - Content Type | |
| Content type term | text |
| 337 ## - Media type | |
| Media type term | unmediated |
| 338 ## - Carrier type | |
| Carrier type term | volume |
| 520 ## - SUMMARY, ETC. | |
| Summary, etc | "A mysterious voice calls Elsa to the Enchanted Forest! Despite the danger, Elsa feels compelled to follow the voice that beckons her, but she won't be alone. Her brave sister, Anna, and their friends Kristoff, Sven, and Olaf the snowman accompany her on a magic-filled adventure that will determine the fate of the kingdom of Arendelle." -- |
| -- | Page [4] of cover. |
| 521 ## - TARGET AUDIENCE NOTE | |
| Target audience note | junior fiction |
| Source | penworthy |
| 650 #0 - SUBJECT ADDED ENTRY--TOPICAL TERM | |
| Topical term or geographic name as entry element | Queens |
| Form subdivision | Juvenile fiction. |
| 9 (RLIN) | 5674653 |
| 650 #0 - SUBJECT ADDED ENTRY--TOPICAL TERM | |
| Topical term or geographic name as entry element | Sisters |
| Form subdivision | Juvenile fiction. |
| 9 (RLIN) | 5674652 |
| 650 #0 - SUBJECT ADDED ENTRY--TOPICAL TERM | |
| Topical term or geographic name as entry element | Magic |
| Form subdivision | Juvenile fiction. |
| 9 (RLIN) | 5673690 |
| 650 #0 - SUBJECT ADDED ENTRY--TOPICAL TERM | |
| Topical term or geographic name as entry element | Quests (Expeditions) |
| Form subdivision | Juvenile fiction. |
| 9 (RLIN) | 5675013 |
| 655 #7 - INDEX TERM--GENRE/FORM | |
| Genre/form data or focus term | Fantasy fiction. |
| Source of term | lcgft |
| 9 (RLIN) | 6015994 |
| 655 #7 - INDEX TERM--GENRE/FORM | |
| Genre/form data or focus term | Action and adventure fiction. |
| Source of term | lcgft |
| 9 (RLIN) | 6015995 |
| 655 #7 - INDEX TERM--GENRE/FORM | |
| Genre/form data or focus term | Novelizations. |
| Source of term | lcgft |
| 9 (RLIN) | 5803275 |
| 700 1# - ADDED ENTRY--PERSONAL NAME | |
| Personal name | Francis, Suzanne, |
| Relator term | author. |
| 9 (RLIN) | 5809153 |
| 710 2# - ADDED ENTRY--CORPORATE NAME | |
| Corporate name or jurisdiction name as entry element | Disney Storybook Artists, |
| Relator term | illustrator. |
| 9 (RLIN) | 51522 |
| 710 2# - ADDED ENTRY--CORPORATE NAME | |
| Corporate name or jurisdiction name as entry element | Disney Enterprises (1996- ), |
| Relator term | issuing body. |
| 9 (RLIN) | 50151 |
| 730 0# - ADDED ENTRY--UNIFORM TITLE | |
| -- | Adaptation of (expression): |
| Uniform title | Frozen II (Motion picture) |
| 9 (RLIN) | 5809154 |
| 942 ## - ADDED ENTRY ELEMENTS (KOHA) | |
| Koha item type | BOOK |
| 948 ## - LOCAL PROCESSING INFORMATION (OCLC); SERIES PART DESIGNATOR (RLIN) | |
| Series part designator, SPT (RLIN) | 12/03/2019 |
| b (OCLC) | 12/03/2019 |
| z (OCLC) | Sirsi |
| 994 ## - | |
| -- | C0 |
| -- | WACOL |
| 996 ## - | |
| -- | 172510 |
| -- | 34301001600594 |
| -- | J |
| -- | bk |
| -- | wcl |
| -- | o |
| -- | 4 |
| -- | 18.96 |
| -- | penworthy |
| -- | Fra |
| -- | 12/03/2019 |
| -- | 03/04/2020 |
| -- | 03/05/2020 |
| Withdrawn status | Lost status | Source of classification or shelving scheme | Damaged status | Not for loan | Collection code | Home library | Current library | Shelving location | Date acquired | Source of acquisition | Cost, normal purchase price | Total Checkouts | Total Renewals | Full call number | Barcode | Date last seen | Date checked out | Cost, replacement price | Price effective from | Koha item type |
|---|---|---|---|---|---|---|---|---|---|---|---|---|---|---|---|---|---|---|---|---|
| Dewey Decimal Classification | Junior Fiction | Wasatch County Library | Wasatch County Library | Main Floor Junior Area | 12/03/2019 | Penworthy | 18.96 | 31 | 22 | J Disney Princess | 34301001600594 | 02/24/2026 | 12/30/2025 | 18.96 | 03/20/2020 | BOOK |
